000 00691nam a2200217Ia 4500
005 20230504125034.0
008 131103s9999 xx 000 0 und d
020 _a801480892
_cRs 450
040 _aLoreto College
041 _aEnglish
082 _a823.809
_bKUC
100 _aKucich, John
245 4 _aThe power of lies
_b Transgression in Victorian Fiction
_cJohn Kucich
260 _aIthaca and London
_bCornell University Press
_c1994
300 _aix,289p
504 _aIncludes bibliographical references and index
650 _aEnglish Fiction - 19th century - History and criticism
651 _aTruthfulness and Falsehood in Literature
850 _aLCLIB
942 _cBK
999 _c20190
_d70669